000 01195cam a2200349 a 4500
003 CHAP
005 20220817043553.0
008 990818d1996 mx a r 00010 spa d
010 _a78755
011 _a79727
020 _a844910274X
035 _a90120
040 _cCHAP
082 0 4 _a631.55
_bL5
100 0 0 _aLinares, Pilar.
_966910
245 1 0 _aMaquinaria de recolección de forrajes
_c/por Pilar Linares y Jesús Vázquez
260 _aMadrid :
_bMinisterio de Agricultura, Pesca y Alimentación,
_c1996.
300 _a660 p. :
_bilus.
590 _aBATCH-UPD
_b10
_c20130110
_lUCH01
_h0821
590 _aBATCH-UPD
_b10
_c20130410
_lUCH01
_h0458
590 _aBATCH-UPD
_b10
_c20130914
_lUCH01
_h1431
590 _aCONVERSION
_b10
_c20130109
_lUCH01
_h1344
650 1 4 _aForrajes.
650 1 4 _aMaquinaria agrícola.
_971151
650 1 4 _aMaquinaria de recolección.
_971209
700 0 _aVázquez, Jesús.
_9120561
901 _aBK
905 _aBlanca M. García O.
942 _cLIBRO
949 _a631.55 L5
_bBC
_cLIBRO
_d33724000736625
_eLIBRO
_gI. 198986
_h96175
_i90120
_sb
_t$418.00
949 _a631.55 L5
_bBC
_cLIBRO
_d33724000793618
_eLIBRO
_fc.2
_gI.206407
_h98604
_i90120
_sb
_t$342.55
999 _c78755
_d78755